Qué es la novela /

Guardado en:
Autor Principal: Baquero Goyanes, Mariano
Formato: Libro
Publicado: Buenos Aires : Columba, 1961
Series:Colección Esquemas, 51
Materias:
Etiquetas: Agregar Etiqueta
Sin Etiquetas, Sea el primero en etiquetar este registro!
LEADER 00529nam a22001935a 4500
001 CEM.cems000827
005 20060210000000.0
008 130507s1961##################000#0#####d
003 CEMS
082 0 4 |a 808.3 
100 1 |a Baquero Goyanes, Mariano 
245 1 0 |a Qué es la novela / 
260 |a Buenos Aires :  |b Columba,  |c 1961 
300 |a 55 p. 
490 0 |a Colección Esquemas, 51 
653 |a Literatura 
653 |a Novela-tematica 
653 |a Novela-teoria de la 
859 |a CEMS  |b BIB. CEMS - 11 de abril  |h 808.3  |i B229  |p 3117.74  |t Ej.1